000 00461nam a2200157 i 4500
001 84472
003 ES-MaACL
005 20230906175023.0
007 t|
008 041123s19061907ne ||||1| fre d
100 1 _aJitta, Josephus.
_966670
245 1 3 _aLa substance des obligations dans le droit international privé /
_cJosephus Jitta.
260 _aLa Haye :
_b[s.n.,
_c1906-7] (
_fA. D. Schinkel)
300 _a2 v. ;
_c25 cm.
852 _aES-MaACL
_jF-4600-1
999 _c84472
_d84472